000 00486nam a2200181Ia 4500
001 57081
008 130920n2010 ii |||gr||||Z||||||465
020 _a13: 978-81-250-2660-0
082 _a193
245 0 _aNietzsche For Beginners
_cMarc Sautet
_hTextual Documents
250 _aIst ed.
260 _aNew Delhi
_bOrient BlackSwan Pvt Ltd
_c2010
300 _a192pg:
_c23cm.
653 _aPhilosophy
653 _aG- Philosophy
700 _aSautet, Marc,
_eAuthor.
942 _2ddc
_cBK
999 _c56996
_d56996